Confessions of a jihadist / (Record no. 139669)

MARC details
000 -LEADER
fixed length control field 00486nam a22001817a 4500
005 - DATE AND TIME OF LATEST TRANSACTION
control field 20170509140802.0
010 ## - LCCN (DPL NO)
LC control number ENG-118093
020 ## - INTERNATIONAL STANDARD BOOK NUMBER
International Standard Book Number 9789382711773
Terms of availability 200.00
035 ## - SYSTEM CONTROL NUMBER
System control number EN-101625
037 ## - SOURCE OF ACQUISITION
Source of stock number/acquisition DBAD/PUB
082 ## - DEWEY DECIMAL CLASSIFICATION NUMBER
Classification number N
100 ## - MAIN ENTRY--PERSONAL NAME
Personal name Ponmala
245 ## - TITLE STATEMENT
Title Confessions of a jihadist /
Statement of responsibility, etc by Ponmala
260 ## - PUBLICATION, DISTRIBUTION, ETC. (IMPRINT)
Place of publication, distribution, etc New Delhi
Name of publisher, distributor, etc Vitasta Publishing
Date of publication, distribution, etc 2015
270 ## - ADDRESS
Address 2/15, Ansari Road, Daryaganj New Daryaganj-110002
300 ## - PHYSICAL DESCRIPTION
Extent 234p
Dimensions 20cm.(pbk)
942 ## - ADDED ENTRY ELEMENTS (KOHA)
Source of classification or shelving scheme Dewey Decimal Classification
Item type English Books
Classification part N
Call number suffix PON
Holdings
Withdrawn status Lost status Not for loan Collection code Home library Current library Date acquired Source of acquisition Cost, normal purchase price Full call number Barcode Copy number Cost, replacement price Koha item type
      Fiction Central Library Central Library 09/05/2017 DBAD/PUB 200.00 N PON EN-101625 1 200.00 English Books

© Delhi Public Library
Hit Counter
free hit counter